Statistiche per Capitali dell'America del Nord in ordine alfabetico

Clicka qui per fare il quiz!

Statistiche generali

  • Questo quiz è stato fatto 15 volte
  • Il punteggio medio è 19 su 23

Statistiche sulle risposte

Lettera inizialeCapitale% Corretto
CCittà del Messico
100%
OOttawa
100%
SSan José
100%
WWashington
100%
LL'Avana
92%
PPanama
92%
SSanto Domingo
92%
TTegucigalpa
92%
CCastries
85%
CCittà del Guatemala
85%
KKingston
85%
KKingstown
85%
MManagua
85%
PPort-au-Prince
85%
PPort of Spain
77%
SSan Salvador
77%
BBelmopan
69%
BBridgetown
69%
NNassau
69%
RRoseau
69%
BBasseterre
62%
SSaint George's
54%
SSaint John's
54%

Distribuzione punteggi

Percentile per numero di risposta

Percentuale di utenti per punteggio

I tuoi punteggi nel tempo

Non hai fatto questo quiz